000
00210nam a2200085Ia 4500
008
170617s9999 xx 000 0 und d
100
_a
Jain-N.K
245
0
_a
advance in control and novel drug delivery
260
_b
C B S Pub
260
_c
2006
999
_c
15371
_d
15371